UBT Library

Techniques in organic chemistry (Record no. 58327)

000 -LEADER
fixed length control field 00337nam a22001457a 4500
008 - FIXED-LENGTH DATA ELEMENTS--GENERAL INFORMATION
fixed length control field 221003b ||||| |||| 00| 0 eng d
020 ## - INTERNATIONAL STANDARD BOOK NUMBER
International Standard Book Number 9781429219563
041 ## - LANGUAGE CODE
Language code of text/sound track or separate title eng
080 ## - UNIVERSAL DECIMAL CLASSIFICATION NUMBER
Edition identifier Third edition
Universal Decimal Classification number 541
082 ## - DEWEY DECIMAL CLASSIFICATION NUMBER
Classification number 541
100 ## - Rafti
Rafti 13.2
101 ## - Shkurtesa
Shkurtesa KIMI
245 ## - TITLE STATEMENT
Title Techniques in organic chemistry
Statement of responsibility, etc MOHRIG J
942 ## - ADDED ENTRY ELEMENTS (KOHA)
Source of classification or shelving scheme
Item type Books
Holdings
Withdrawn status Lost status Source of classification or shelving scheme Damaged status Not for loan Collection code Permanent location Current location Date acquired Total Checkouts Full call number Barcode Date last seen Price effective from Koha item type
          Koleksioni i përgjithshem UBT - Lipjan UBT - Lipjan 10/03/2022   541 MOH 002-800028615 10/03/2022 10/03/2022 Books
UBT Library © 2015-2024. All rights reserved University Education for Business and Technology